Zonificación detallada del recurso guadua en el eje cafetero, Tolima y Valle del Cauca : (Registro nro. 7112)

Detalles MARC
000 -CABECERA
Campo de control 01420nam a2200337 a 4500
005 - FECHA Y HORA DE LA ULTIMA TRANSACCION
Campo de control 20160213125443.0
008 - ELEMENTOS DE LONGITUD FIJA—INFORMACION GENERAL
Campo de control 160213s2007 ck abdofr|||| 000 0 spa d
020 ## - ISBN
ISBN 9789588272412
040 ## - FUENTE DE CATALOGACIÓN
Agencia catalogadora original CO-BoIAVH
Agencia transcriptora CO-BoIAVH
041 0# - IDIOMA
Código de idioma para texto/pista de sonido o título separado Español
044 ## - PAÍS DE PUBLICACIÓN
País de publicación Colombia
082 04 - NUMERO DE CLASIFICACION DECIMAL DEWEY
Número de clasificación 333.7317
Número del ítem C17z
100 1# - ASIENTO PRINCIPAL--NOMBRE PERSONAL
Nombre personal Camargo García, Juan Carlos
9 (RLIN) 1500
245 10 - MENCION DE TITULO
Título Zonificación detallada del recurso guadua en el eje cafetero, Tolima y Valle del Cauca :
Parte restante del título Municipios piloto del proyecto manejo sostenible de bosques en Colombia (Guía metodológica y resultados)
260 ## - PUBLICACION, DISTRIBUCION, ETC. (PIE DE IMPRENTA)
Lugar de publicación, distribución, etc. Pereira :
Nombre del editor, distribuidor, etc. Universidad Tecnológica de Pereira :
-- Corporación Autónoma Regional de Risaralda :
-- UAESPNN :
-- CORTOLIMA :
-- Corporación Autónoma Regional del Valle del Cauca,
Fecha de publicación, distribución, etc. 2007.
300 ## - DESCRIPCION FISICA
Extensión 143 páginas :
Otros detalles físicos Ilustraciones ( algunas a color) , mapas, gráficos, fotografías ;
Dimensiones 28 x 22 cm.
650 16 - ASIENTO SECUNDARIO DE MATERIA - TERMINO TEMATICO
Término temático o nombre geográfico como elemento de entrada Zonificación forestal
9 (RLIN) 21537
650 26 - ASIENTO SECUNDARIO DE MATERIA - TERMINO TEMATICO
Término temático o nombre geográfico como elemento de entrada Guadua
9 (RLIN) 59456
650 26 - ASIENTO SECUNDARIO DE MATERIA - TERMINO TEMATICO
Término temático o nombre geográfico como elemento de entrada Planes de desarrollo
9 (RLIN) 59457
650 26 - ASIENTO SECUNDARIO DE MATERIA - TERMINO TEMATICO
Término temático o nombre geográfico como elemento de entrada Evaluación de tierras
9 (RLIN) 59458
662 ## - ASIENTO SECUNDARIO DE MATERIA - JERARQUIA DEL NOMBRE DE LUGAR(
País o entidad mayor Colombia
Jurisdicción política de primer orden Risaralda
662 ## - ASIENTO SECUNDARIO DE MATERIA - JERARQUIA DEL NOMBRE DE LUGAR(
País o entidad mayor Colombia
Jurisdicción política de primer orden Quindío
662 ## - ASIENTO SECUNDARIO DE MATERIA - JERARQUIA DEL NOMBRE DE LUGAR(
País o entidad mayor Colombia
Jurisdicción política de primer orden Valle del Cauca
662 ## - ASIENTO SECUNDARIO DE MATERIA - JERARQUIA DEL NOMBRE DE LUGAR(
País o entidad mayor Colombia
Jurisdicción política de primer orden Caldas
662 ## - ASIENTO SECUNDARIO DE MATERIA - JERARQUIA DEL NOMBRE DE LUGAR(
País o entidad mayor Colombia
Jurisdicción política de primer orden Tolima
700 1# - ASIENTO SECUNDARIO - NOMBRE PERSONAL
Nombre personal Dossman Gil, Miguel Angel
9 (RLIN) 59459
700 1# - ASIENTO SECUNDARIO - NOMBRE PERSONAL
Nombre personal Cardona Aguirre, Gustavo
9 (RLIN) 59460
700 1# - ASIENTO SECUNDARIO - NOMBRE PERSONAL
Nombre personal García Sierra, Jorge Hugo
9 (RLIN) 21911
700 1# - ASIENTO SECUNDARIO - NOMBRE PERSONAL
Nombre personal Arias Giraldo, Ligia María
9 (RLIN) 59461
942 ## - ELEMENTOS ADICIONALES (KOHA)
Tipo de ítem Libro
Sistema de clasificación Dewey Decimal Classification
Existencias
Withdrawn status Lost status Sistema de Clasificación Damaged status No para préstamo Colección Inventariado Ubicación Permanente Ubicación actual Fecha de adquisición Fuente de Valor Valor Total Checkouts Número topográfico Inventario / Código de Barras Date last seen Ejemplar Price effective from Forma de adquisición Tipo de material
    Dewey Decimal Classification     General Inventariado 2017 Bogotá Bogotá   Instituto 39000.00   LB-333.7317 C17z 027300 04/12/2012 Ej.1 04/12/2012   Libro